00433nam a2200169Ia 4500003000900000008004100009040001600050080001600066100001700082245004300099260002700142300001300169650001900182650002300201650001600224700002300240IN-BaIIA211028s9999 xx 000 0 eng d cIIA Library a519.21bBOR aBorel, Emile 0aProbability and certaintycEmile Borel aNew YorkbWalkerc1950 ax, 145p. aNASA Thesaurus aProbability Theory aStatisticcs aDouglas Scott, tr.